Resistencia territorial en América Latina: los espacios como posibilidad y como potencia
Na minha lista:
| Principais autores: | , , , |
|---|---|
| Formato: | Livro |
| Idioma: | espanhol |
| Publicado em: |
Santiago
Universidad Academia de Humanismo Cristiano
2006
|
| Edição: | 1a. ed |
| coleção: | Colección Seminarios, 2
|
| Assuntos: | |
| Tags: |
Adicionar Tag
Sem tags, seja o primeiro a adicionar uma tag!
|
MARC
| LEADER | 00000cam a2200000 a 4500 | ||
|---|---|---|---|
| 001 | UCI9751 | ||
| 003 | CL-VaPUC | ||
| 008 | 081204e20060000CL |||||||||||||||||spa|d | ||
| 020 | |a 9789567382194 | ||
| 082 | 0 | 4 | |a 304.23 |b GON |2 21 |
| 100 | 0 | |a González Quiroz, Pilar |e author |9 533685 | |
| 700 | 0 | |a Barahona Jonas, Macarena |e author |9 533686 | |
| 700 | |a Garrido Pereira, Marcelo |e author |9 573878 | ||
| 700 | 0 | |a Joo Nagata, Jorge |e author |9 533688 | |
| 245 | 1 | 0 | |a Resistencia territorial en América Latina: los espacios como posibilidad y como potencia |
| 250 | |a 1a. ed | ||
| 300 | |a 207 p | ||
| 942 | |c BK | ||
| 945 | |d 20081204 00:00:00 |a jtorresc | ||
| 260 | |a Santiago |b Universidad Academia de Humanismo Cristiano |c 2006 | ||
| 650 | 7 | |a DEMOGRAFIA HISTORICA |2 CL-VaPUC |9 322344 | |
| 650 | 7 | |a TERRITORIALIDAD |2 CL-VaPUC |9 382029 | |
| 650 | 0 | |a Cambio social |9 256857 | |
| 650 | 0 | |a Problemas sociales |9 258537 | |
| 650 | 0 | |a Comunidades |9 337024 | |
| 583 | |a last modification |c 20150429 05:14:41 |k Rodrigo Vera | ||
| 490 | 0 | |a Colección Seminarios, 2 | |
| 999 | |c 332230 |d 332228 | ||
| 952 | |0 0 |1 0 |4 0 |6 304_230000000000000_GON_2006 |7 0 |8 A |9 419744 |a BIBING |b BIBING |d 2019-11-22 |i 4502604 |o 304.23 GON 2006 |p 4502604 |r 2025-01-20 |w 2019-11-22 |y BK |k GEO | ||
| 952 | |0 0 |1 0 |3 erb |4 0 |6 304_230000000000000_GON_2006 |7 0 |8 A |9 419745 |a BIBING |b BIBING |i 5147352 |o 304.23 GON 2006 |p 5147352 |r 2025-01-20 |w 2019-11-22 |y BK |z Catalogado en:20150430 |k GEO | ||